000 01338pam a2200349 i 4500
999 _c634
_d634
001 018861654
003 Uk
005 20190904153847.0
008 180323r20182017enka 000|1|eng|d
015 _aGBB884157
_2bnb
016 7 _a018861654
_2Uk
020 _a9780552175692
040 _aStDuBDS
_beng
_cStDuBDS
_dUk
_erda
042 _aukblcatcopy
082 0 4 _aFIC BRO
_223
100 1 _aBrown, Dan,
_d1964-
_eauthor.
245 1 0 _aOrigin /
_cDan Brown.
264 1 _aLondon :
_bCorgi Books,
_c2018.
300 _a541 pages :
_c20 cm
336 _atext
_2rdacontent
336 _astill image
_2rdacontent
337 _aunmediated
_2rdamedia
338 _avolume
_2rdacarrier
500 _aOriginally published: London: Bantam Press, 2017.
500 _aFormerly CIP.
_5Uk
520 _aSunday Times #1 BestsellerNew York Times #1 Bestseller The global bestseller - Origin is the latest Robert Langdon novel from the author of The Da Vinci Code. On a trail marked only by enigmatic symbols and elusive modern art, Langdon and Vidal will come face-to-face with a breathtaking truth that has remained buried - until now.
600 1 0 _aLangdon, Robert
_c(Fictitious character)
_vFiction.
650 0 _aCryptographers
_vFiction.
655 0 _aSuspense fiction.
942 _2ddc
_cFIC